Načítá se...

चैम्बर म्यूज़िक

Podrobná bibliografie
Hlavní autor: जयशंकर
Další autoři: Jayashankar
Médium: Printed Book
Vydáno: New Delhi: Vani Prakashan, 2012
Vydání:1
Témata:
LEADER 00537nam a22001697a 4500
020 |a 978935008287 
082 |a H891.433  |b JAY/C 
100 |a जयशंकर 
245 |a चैम्बर म्यूज़िक  
250 |a 1 
260 |a New Delhi:  |b Vani Prakashan,  |c 2012 
300 |a 131p. 
650 |a Chamber music 
700 |a Jayashankar 
942 |c BK 
999 |c 42019  |d 42019 
952 |0 0  |1 0  |4 0  |6 H_891_433000000000000_JAYC  |7 0  |8 Stack  |9 45581  |a KUCL  |b KUCL  |c H  |d 2016-10-03  |g 225.00  |l 0  |o H891.433 JAY/C  |p 35875  |r 2016-10-03  |w 2016-10-03  |y BK